<The> Rightsizing Remedy How Managers Can Respond to the Downsizing Dilemma

Gespeichert in:
Bibliographische Detailangaben
1. Verfasser: Hendricks, Charles F.
Format: Buch
Sprache:Englisch
Veröffentlicht: Homewood Business One Irwin 1992
Ausgabe:1. ed.
Schlagworte:
Tags: Tag hinzufügen
Keine Tags, Fügen Sie das erste Tag hinzu!

MARC

LEADER 00000nam a2200000 4500
001 c018935
005 20221206084839.3
020 |a 1-55623-654-9 
041 0 |a eng 
044 |a US 
245 1 0 |a <The> Rightsizing Remedy  |b How Managers Can Respond to the Downsizing Dilemma  |c Charles F. Hendricks 
250 |a 1. ed. 
264 1 |a Homewood  |b Business One Irwin  |c 1992 
300 |a 272 s. 
610 2 0 |a reorganizácia 
610 2 0 |a zmeny organizačné 
610 2 0 |a manažment personálny 
610 2 0 |a zdroje ľudské 
610 2 0 |a zdroje pracovné 
610 2 0 |a kariéra 
100 1 |a Hendricks, Charles F.